书目信息 |
| 题名: |
低碳投资
|
|
| 作者: | 郭信麟 , 涂宇 著 | |
| 分册: | ||
| 出版信息: | 太原 山西人民出版社 2012 |
|
| 页数: | 255页 | |
| 开本: | 24cm | |
| 丛书名: | ||
| 单 册: | ||
| 中图分类: | F426.2 | |
| 科图分类: | ||
| 主题词: | 节能--企业--投资--研究--中国 , 节能 , 企业 , 投资 | |
| 电子资源: | ||
| ISBN: | 978-7-203-07440-3 | |
| 000 | 01119nam0 22003011 450 | |
| 001 | 519 | |
| 005 | 20140909094359.78 | |
| 010 | @a978-7-203-07440-3@dCNY35.00 | |
| 100 | @a20120105d2012 em y0chiy50 ea | |
| 101 | 0 | @achi |
| 102 | @aCN@b140000 | |
| 105 | @ay z 000yy | |
| 106 | @ar | |
| 200 | 1 | @a低碳投资@ADi Tan Tou Zi@dLow-carbon investment@e挖掘10年内最有潜力的公司@EWa Jue 10 Nian Nei Zui You Qian Li De Gong Si@f郭信麟,涂宇著@FGuo Xin Lin, Tu Yu Zhu@zeng |
| 210 | @a太原@c山西人民出版社@d2012 | |
| 215 | @a255页@d24cm | |
| 330 | @a本书深入剖析了包括新能源产业在内的诸多低碳子行业中的股市投资机会,详细阐述了在投资中应该重点关注的子行业、上市公司业务亮点,以及需要留意的投资要点和风险。 | |
| 510 | 1 | @aLow-carbon investment@zeng |
| 517 | 1 | @a挖掘10年内最有潜力的公司@AWa Jue 10Nian Nei Zui You Qian Li De Gong Si |
| 606 | 0 | @a节能@x企业@x投资@x研究@y中国 |
| 606 | 0 | @a节能 |
| 606 | 0 | @a企业 |
| 606 | 0 | @a投资 |
| 690 | @aF426.2@v5 | |
| 701 | 0 | @a郭信麟@AGuo Xin Lin@4著 |
| 701 | 0 | @a涂宇@ATu Yu@g(港股分析员)@4著 |
| 801 | 0 | @aCN@bTANGWEI@c20140603 |
| 905 | @b0836751-53@dF426.2@e124@f3 | |
| 低碳投资=Low-carbon investment:挖掘10年内最有潜力的公司/郭信麟,涂宇著.-太原:山西人民出版社,2012 |
| 255页;24cm |
| ISBN 978-7-203-07440-3:CNY35.00 |
| 本书深入剖析了包括新能源产业在内的诸多低碳子行业中的股市投资机会,详细阐述了在投资中应该重点关注的子行业、上市公司业务亮点,以及需要留意的投资要点和风险。 |
| ● |
| 相关链接 |
|
|
|
|
正题名:低碳投资
索取号:F426.2/124
 
预约/预借
| 序号 | 登录号 | 条形码 | 馆藏地/架位号 | 状态 | 备注 |
| 1 | 0836751 | 208367514 | 第一样本阅览室/ [索取号:F426.2/124] | 在馆 | |
| 2 | 0836752 | 208367523 | 第一借阅区/ [索取号:F426.2/124] | 在馆 | |
| 3 | 0836753 | 208367532 | 密集书库-海洋学院/ [索取号:F426.2/124] | 在馆 |